| 000 | 00469nam a2200169 i 4500 | ||
|---|---|---|---|
| 001 | 14569 | ||
| 003 | ES-MaACL | ||
| 005 | 20230906150836.0 | ||
| 007 | t| | ||
| 008 | 990426s1973 mx ||||1| spa d | ||
| 080 | _a821.133.1-993"18" | ||
| 100 | 1 |
_aMirbeau, Octave. _981577 |
|
| 245 | 1 | 3 |
_aEl jardín de los suplicios / _cpor Octave Mirbeau. |
| 260 |
_aMéxico : _bEditores Asociados, _c[1973] |
||
| 300 |
_a158 p. ; _c18 cm. |
||
| 852 |
_aES-MaACL _jL-21777 _bR.115773 |
||
| 999 |
_c14569 _d14569 |
||